Dom špiónov
Štyri mesiace po atentáte na americkej pôde teroristi z Islamského štátu udrú znova - tentoraz sa ich cieľom stane elegantná londýnska štvrť West End. Tieto útoky sú výsledkom dokonalého utajenia, no ich páchatelia predsa len zanechajú po sebe jednu stopu. Táto stopa zavedie agenta Gabriela a jeho t...
| Main Author: | |
|---|---|
| Other Authors: | |
| Format: | CD Audio |
| Language: | Slovak English |
| PhysicalDescription: | 1 elektronický optický disk (CD-ROM) digitál., MP3 12 cm |
| Published: |
V Levoči
Slovenská knižnica pre nevidiacich Mateja Hrebendu
2018
|
| ISBN: | 9788018070918 (CDROM) |
| Subjects: |
MARC
| LEADER | 00000cim a2200000 a 4500 | ||
|---|---|---|---|
| 001 | vtls011760164 | ||
| 003 | SK-MaSNL | ||
| 005 | 20260301183247.0 | ||
| 007 | sd fungnnmmned | ||
| 008 | 180605s2018 xo nnnnfs f n slo | ||
| 015 | |a SNBJ2018 | ||
| 020 | |a 9788018070918 (CDROM) | ||
| 040 | |a SNK |b slo |c SNK |e AACR2 | ||
| 041 | 1 | |d slo |h eng | |
| 044 | |a xo |c SK | ||
| 072 | 7 | |a 821.111(73)-3 |x Americká próza |2 konspekt | |
| 080 | |a 821.111(73)-31 |2 2011 | ||
| 080 | |a (0:82-312.4) |2 2011 | ||
| 080 | |a (086.76) |2 2011 | ||
| 100 | 1 | |a Silva, Daniel, |d 1960- |4 aut |9 195253 | |
| 245 | 1 | 0 | |a Dom špiónov |h elektronický zdroj |c Daniel Silva ; číta: Igor Šabek |
| 260 | |a V Levoči |b Slovenská knižnica pre nevidiacich Mateja Hrebendu |c 2018 | ||
| 300 | |a 1 elektronický optický disk (CD-ROM) |b digitál., MP3 |c 12 cm | ||
| 306 | |a 150500 | ||
| 520 | 8 | |a Štyri mesiace po atentáte na americkej pôde teroristi z Islamského štátu udrú znova - tentoraz sa ich cieľom stane elegantná londýnska štvrť West End. Tieto útoky sú výsledkom dokonalého utajenia, no ich páchatelia predsa len zanechajú po sebe jednu stopu. Táto stopa zavedie agenta Gabriela a jeho tím na juh Francúzska, do prepychového sídla Jeana-Luca Martela a Olivie Watsonovej | |
| 521 | |a Pre nevidiacich, slabozrakých a inak zdravotne postihnutých | ||
| 655 | 7 | |a zvukové záznamy |2 SNKPH |9 70720 | |
| 655 | 7 | |a americké romány |2 SNKPH |9 1174 | |
| 655 | 7 | |a špionážne romány |2 SNKPH |9 70652 | |
| 655 | 7 | |a CD-ROM |2 SNKPH |9 70236 | |
| 700 | 1 | |a Šabek, Igor |4 nrt |9 312613 | |
| 752 | |a Slovensko |d Levoča | ||
| 787 | 0 | 8 | |i Podľa knihy: |t Dom špiónov |d Bratislava : Slovenský spisovateľ, 2017 |z 978-80-220-2002-2 |
| 919 | |a 978-80-18-07091-8 | ||
| 958 | |a SX | ||
| 958 | |a LX | ||
| 958 | |a UP | ||
| 999 | |c 856355 |d 858285 | ||
| 952 | |a SNK |b SNK |y PREZ |7 0 |p 17A1338674 |o snkSCD 4828 |i snk2018/22768 |8 0 |0 0 |1 0 |4 0 |d 2018-11-06 |l 0 |r 2026-02-24 04:57:11 |w 2026-02-24 | ||


